00484nam a2200169 a 450000100060000000300090000600800410001504000280005608200150008410000280009924500370012726000310016430000140019549000160020950000610022565000280028611356CO-ViMGA141112s2004 ck r 000 u spa d aCO-ViMGAbspacCO-ViMGA04a824.8 S73j1 aStevenson, Robert Louis10aJuego de niños y otros ensayos aBogotá : bNorma, c1990 a109, 56 p aCara y cruz aEncuadernado con A propósito de Stevenson y su obra. 14aCUENTOS ESTADOUNIDENSES